000 00634nam a22002417a 4500
003 UA-OsUOA
001 77377
007 ta
008 20110909b un ||||| |||| 00| 0 ukr d
100 _aБржезовой Л.
090 _a94(437)
_bБ87
942 _cBK
040 _aUA-OsUOA
_brus
_cUA-OsUOA
_dUA-OsUOA
245 _aГусистская хроника
300 _a304 с.
955 _a2
041 _arus
080 _a94(437)
020 _a978-5-94460-081-3
260 _aРязань
_bАлександрия
_c2009
650 7 _a9 Географія. Біографії. Історія
_2UDC
999 _c363679
_d363679